| 000 | 00391cam a2200169ua 4500 | ||
|---|---|---|---|
| 020 | _cRs. 2.50 | ||
| 041 |
_amal _h |
||
| 082 |
_a928.94812 _bKES/ET |
||
| 100 | _aKesavadev, P . | ||
| 245 | _aEthrppu | ||
| 260 |
_aKottayam : _bSahitya Pravarthaka Co-operative Society , _c1965. |
||
| 300 | _a185 ; . | ||
| 365 | _aRs. 2.50 | ||
| 504 | _a | ||
| 942 | _cBK | ||
| 999 |
_c628 _d628 |
||